Liège, Luik: Communes, Gemeenten - Statistics

General Stats
  • This quiz has been taken 2,192 times
    1,116 since last reset
  • The average score is 46 of 84
Answers on the Map
Answers color-coded by a green-red scale on the quiz's map according to % correct below.
 
Answer Stats
Provincie Gemeente % Correct
Liège Liège / Luik / Lüttich
99%
Liège Néau / Eupen
91%
Liège Verviers
85%
Liège Malmedy / Malmünd
83%
Liège Saint-Vith / Sankt Vith
81%
Liège Spa
79%
Liège Seraing
78%
Liège Huy / Hoei
76%
Liège Ans
73%
Liège Stavelot / Stablo
73%
Liège Chaudfontaine
72%
Liège Herstal
72%
Liège Butgenbach / Bütgenbach
69%
Liège Waremme / Borgworm
69%
Liège Welkenraedt / Welkenraat / Welkenrath
69%
Liège Visé / Wezet
68%
Liège Raeren
67%
Liège Bullange / Büllingen
66%
Liège Pepinster
64%
Liège Hannut / Hannuit
63%
Liège Limbourg / Limburg
63%
Liège Aywaille
62%
Liège Burg-Reuland
62%
Liège Saint-Nicolas
62%
Liège Herve
61%
Liège Baelen
60%
Liège Amblève / Amel
59%
Liège Trois-Ponts
59%
Liège Waimes / Weismes
59%
Liège Aubel / Kluis
58%
Liège Jalhay
58%
Liège Theux
57%
Liège Sprimont
56%
Liège Amay
55%
Liège Awans
53%
Liège Bassenge / Bitsingen
52%
Liège LaCalamine
52%
Liège Oupeye
52%
Liège Plombières / Blieberg / Bleyberg
52%
Liège Esneux
51%
Liège Lincent / Lijsem
51%
Liège Lontzen
51%
Liège Stoumont
51%
Liège Trooz
51%
Liège Flémalle
50%
Liège Clavier
49%
Liège Dalhem
49%
Liège Hamoir
49%
Liège Lierneux
49%
Liège Blegny
48%
Liège Geer
48%
Liège Juprelle
47%
Liège Modave
47%
Liège Thimister-Clermont
47%
Liège Dison
46%
Liège Grâce-Hollogne
46%
Liège Saint-Georges-sur-Meuse
46%
Liège Ferrières
45%
Liège Fexhe-le-Haut-Clocher
45%
Liège Fléron
45%
Liège Olne
45%
Liège Wasseiges
45%
Liège Comblain-au-Pont
44%
Liège Oreye / Oerle
44%
Liège Wanze
44%
Liège Berloz
43%
Liège Burdinne
43%
Liège Crisnée
43%
Liège Soumagne
43%
Liège Nandrin
42%
Liège Villers-le-Bouillet
42%
Liège Anthisnes
41%
Liège Beyne-Heusay
41%
Liège Marchin
41%
Liège Neupré
41%
Liège Tinlot
41%
Liège Verlaine
41%
Liège Engis
40%
Liège Héron
40%
Liège Ouffet
40%
Liège Donceel
39%
Liège Braives
38%
Liège Faimes
38%
Liège Remicourt
38%
No matching quizzes found
Score Distribution
Percent of People with Each Score
Percentile by Number Answered
Your Score History
You have not taken this quiz since the last reset